Music Quiz

Random Music or Kpop Quiz
Score 0/66 Timer 10:00
0 Plays Today
Hint Answer % Correct
Love ScenarioIKON
98.8%
Intro: PersonaBTS
98.4%
JoppingSuperM
98.4%
Dalla DallaITZY
98%
Cherry BombNCT
98%
Ko Ko BopEXO
98%
Bang Bang BagBig Bang
97.6%
MIROHStraykids
97.6%
Feel SpecialTwice
97.2%
Ring Ding DongSHINee
97.2%
ShinePentagon
96.4%
Sorry SorrySuper Junior
96%
Gotta GoChungha
95.6%
Bubble PopHyunA
95.2%
Shoot OutMonsta X
95.2%
EnergeticWanna One
95.2%
Umpah UmpahRed Velvet
94.8%
FlashX1
94.8%
Touch My BodySistar
94.4%
Starry NightMamamoo
94%
%%Apink
94%
BirthdaySomi
94%
Black DressCLC
94%
VioletaIZ*One
93.6%
FearSeventeen
93.2%
Forever YoungBlackpink
92.8%
Bomb BombKARD
92.8%
Whatta ManIOI
92.4%
AdiosEverglow
92.4%
ValkyrieOneus
92.4%
Bad Girl Good GirlMiss A
92%
LalalaySunmi
91.6%
ButterflyLoona
91.6%
Hint Answer % Correct
EclipseGOT7
91.2%
Picky PickyWeki Meki
91.2%
GenieSNSD
90.8%
New FacePSY
90.4%
I'm So HotMomoland
89.6%
AnswerAteez
89.2%
Heart AttackAOA
86.1%
Blue OrangeadeTXT
85.3%
Time For The Moon NightGFriend
83.7%
I Love YouEXID
82.9%
SparkTaeyeon
82.9%
Ah-ChooLovelyz
82.9%
MillionsWinner
82.9%
Given-TakenEnhypen
82.6%
Who's Your Mama?JYP
82.1%
Deja VuDreamcatcher
80.1%
Q&ACherry Bullet
79.7%
Tell MeWonder Girls
79.3%
Dream NoteDreamnote
78.9%
She's In The RainThe Rose
78.5%
BadInfinite
77.3%
Liar LiarOh My Girl
75.3%
Mamma MiaKARA
67.3%
200%AKMU
66.1%
WowBTOB
60.2%
Good DayIU
58.2%
HappyWJSN
57.4%
Make You HappyNiziU
51%
Glass ShoesFromis_9
47.4%
RevolutionAlexa
43.4%
I'll Be Back2PM
41.8%
Twist KingTurbo
18.7%
Come ThroughEric Nam
11.2%
Remove Ads.
Support Sporcle.
Get the best of Sporcle when you Go Orange. This ad-free experience offers more features, more stats, and more fun while also helping to support Sporcle. Thank you for becoming a member.

You're not logged in!

Compare scores with friends on all Sporcle quizzes.
OR
Log In

Show Comments

Extras

Top Quizzes Today


Score Distribution

Your Account Isn't Verified!

In order to create a playlist on Sporcle, you need to verify the email address you used during registration. Go to your Sporcle Settings to finish the process.

Report this User

Report this user for behavior that violates our Community Guidelines.

Details: